000 00433nam a22001697a 4500
005 20180519124315.0
008 160521b xxu||||| |||| 00| 0 eng d
020 _a981-240-375-2
041 _aeng
082 _b3671
_a511.6
100 _aAjay K. Roy
_9921
245 _aMathamatical Method in chemical and Environmental engineering
260 _bThomson Lean
300 _a462
650 _aDIPLOMA ENGINEERING
_9817
942 _cBK
999 _c1260
_d1260